000 00207nam a2200085Ia 4500
008 170620s9999 xx 000 0 und d
100 _aJAIN- RATANLAL
245 0 _aLEGAL LANGUAGE
260 _bCENTRAL LAW AGENCY ALLAHABAD
260 _c2014
999 _c30341
_d30341